Una estrategia de desarrollo rural para combatir la pobreza en América Latina.

Hlboká kríza od začiatku 80. rokov v Latinskej Amerike, ktorá ukončila 30 rokov nepretržitého rastu a rozvoja - ekonomické a sociálne dôsledky tejto krízy. Dôsledky zadlženia, pomalého rastu svetovej ekonomiky, depresie na poľnohospodárskych trhoch a protekcionizmu. Napriek tomu poľnohospodárstvo mô...

Full description

Saved in:
Bibliographic Details
Main Author: de Janvry, Alain
Format: Book Chapter
Language:Spanish
Subjects:
Tags: Add Tag
No Tags, Be the first to tag this record!

MARC

LEADER 00000naa a2200000 4500
001 r009447
005 20221208122404.5
041 0 |a spa 
044 |a MX 
245 1 0 |a Una estrategia de desarrollo rural para combatir la pobreza en América Latina.  |c A. de Janvry 
520 |a Hlboká kríza od začiatku 80. rokov v Latinskej Amerike, ktorá ukončila 30 rokov nepretržitého rastu a rozvoja - ekonomické a sociálne dôsledky tejto krízy. Dôsledky zadlženia, pomalého rastu svetovej ekonomiky, depresie na poľnohospodárskych trhoch a protekcionizmu. Napriek tomu poľnohospodárstvo môže priaznivo ovplyvniť rast ekonomík LA. Nová stratégia rozvoja vidieka v LA. 
610 2 0 |a stratégia hospodárska 
610 2 0 |a vidiek 
610 2 0 |a chudoba 
610 2 0 |a Latinská Amerika 
610 2 0 |a poľnohospodárstvo 
610 2 0 |a kríza hospodárska 
100 1 |a de Janvry, Alain